000 00485cam a22002051 4500
001 sa 64004060
003 DLC
005 20260227112022.0
008 890713s1963 ii 000 0 malo
010 _asa 64004060
035 _a(OCoLC)20005924
040 _aDLC
_cWaU
_dDLC
042 _apremarc
050 0 0 _aPL4718.9.M6
_bT43
100 0 _aMoidu Padiyath,
_d1931-
245 1 0 _aTeruvile puṣpaṃ.
260 _c[1963]
300 _a96 p.
_c18 cm.
500 _aIn Malayalam.
999 _c58290
_d58290